| 000 | 00733nam a2200253 a 4500 | ||
|---|---|---|---|
| 008 | |||
| 020 | _a0340810262(pbk) | ||
| 049 | _aMAIN | ||
| 090 |
_aRC440 _bPSY |
||
| 245 | 1 | 0 |
_aPsychiatric and mental health nursing : _bthe craft of caring / _cedited by Phil Barker. |
| 250 | _a2nd ed. | ||
| 260 |
_aLondon : _bHoder Arnold, _c2003. |
||
| 300 |
_axviii, 639 p. : _bill. ; _c28 cm. |
||
| 500 | _aIncludes index. | ||
| 504 | _aIncludes bibliographical references. | ||
| 650 | 1 | _aPsychiatry. | |
| 650 | _aMental health. | ||
| 700 | _aBarker ,Phil. | ||
| 907 |
_a.b10262829 _b13-09-10 _c19-05-09 |
||
| 003 | |||
| 005 | 20230120204013.0 | ||
| 040 | _cNUST | ||
| 942 |
_cBOOKS _kRC440 _mPSY |
||
| 999 |
_c115406 _d115406 |
||